02313nam a22003497a 4500003000400000005001700004008004100021020001800062040001200080082002800092100003300120245018900153250001100342260019200353300002500545504006300570650004200633650004600675650005100721700008900772942001300861999001800874952011500892952011501007952011501122952011701237952011701354952012901471952011701600952011701717952012901834OSt20150408114117.0130207s2010 ts ||||f b 00| 0 ara d a9789948016670 aMUbara 221a306.2bهـ إ م1 aهوفر، إريك92105812aالمؤمن الصادق :bأفكار حول طبيعة الحركات الجماهيرية /cإريك هوفر ؛ ترجمة غازي بن عبد الرحمن القصيبي. aط. 1. aأبو ظبي، الإمارات العربية المتحدة،bكلمة ؛aالرياض :bالعبيكان ؛aبيروت :bمؤسسة الإنتشار العربي،c2010. a242 ص. ؛c24 سم. aيشتمل على إرجاعات ببليوجرافية. 4aالحركات الفكرية.921059 4aالأحزاب السياسية.921060 4aعلم الاجتماع السياسي.9210611 aالقصيبي، غازي عبد الرحمن،d1359-1431 هـ.eمترجم.921062 2ddccDVD c27784d262284 1022013-03-104070a306.2 هـ إ مcن 1d2013-02-07hCLi00111408mCLr2013-03-10 00:00:00tBOOKwddcy0 1022013-03-104070a306.2 هـ إ مcن 2d2013-02-07hCLi00111409mCLr2013-03-10 00:00:00tBOOKwddcy0 1022013-03-104070a306.2 هـ إ مcن 3d2013-02-07hCLi00111410mCLr2013-03-10 00:00:00tBOOKwddcy0 1022013-03-104070a306.2 هـ إ مcن 1d2013-02-07hSZMi00111411mSZMr2013-03-10 00:00:00tBOOKwddcy0 1022013-03-104070a306.2 هـ إ مcن 2d2013-02-07hSZMi00111412mSZMr2013-03-10 00:00:00tBOOKwddcy0 1022013-03-104070a306.2 هـ إ مcن 1d2013-02-07hSRFi00111413mSRFq2019-03-04r2019-11-12 00:00:00tBOOKwddcy1 1022013-03-104070a306.2 هـ إ مcن 2d2013-02-07hSRFi00111414mSRFr2013-03-10 00:00:00tBOOKwddcy0 1022013-03-104070a306.2 هـ إ مcن 1d2013-02-07hSRMi00111415mSRMr2013-03-10 00:00:00tBOOKwddcy0 1022013-03-104070a306.2 هـ إ مcن 2d2013-02-07hSRMi00111416mSRMq2019-01-16r2019-01-29 00:00:00tBOOKwddcy1